000 00886ntaaa2200229 4500
003 01
005 20251027203242.0
008 0714s1973 ag 01
020 _a8527502658
040 _aAR-BaBN
_bspa
_cAR-BaBN
_eaacr
_dRIC
082 _a225.569 N85
110 _aSociedade Religiosa Ediçaoes Vida Nova
_935102
245 _aNovo Testamento Esperança :
_b99 questoes de vida ou morte /
_cSociedade Religiosa Ediçaoes Vida Nova
250 _a1ª ed.
260 _aSao Paulo :
_bVida Nova,
_c1999
300 _a364 p ;
_c22,5 cm
500 _a99 preguntas y sus respuestas impresas con los pasajes bíblicos correspondientes, Listas de: temas principales del N.T. textos paralelos de los evang.,enseñanzas de Jesús, parábolas de Jesús,como leer el N.T en 120 días
650 _aBIBLIA
_9468
650 _aNUEVO TESTAMENTO
650 _aTEMAS BIBLICOS
_935103
942 _cBK
999 _c27959
_d27959